000 07526namaa22004451i 4500
003 EG-GICUC
005 20260416120644.0
008 260405s2025 ua a|||frm||| 000 0 eng d
040 _aEG-GICUC
_beng
_cEG-GICUC
_dEG-GICUC
_erda
041 0 _aeng
_beng
_bara
049 _aDeposit
082 0 4 _a618.86
092 _a618.86
_221
097 _aPh.D
099 _aCai01.11.15.Ph.D.2025.Aa.C
100 0 _aAalaa Kamal Kamal Saadeledin ElGeritly,
_epreparation.
245 1 0 _aComparative study between using WHO Labour care guide & modified WHO partograph in reducing primary caesarean section in primiparous women in active first stage of labour /
_cby Aalaa Kamal Kamal Saadeledin ElGeritly ; Supervised Dr. Mohamed AbdelAziz ElSharkawy, Dr. Mohamed El Husseiny El Mahy, Dr. Hend Mahmoud AbdelGhany.
246 1 5 _aدراسة مقارنة بين استخدام دليل منظمة الصحة العالمية لرعاية الولادة ومخطط منظمة الصحة العالمية المعدل في تقليل العمليات القيصرية الأولية لدى النساء البكريات في المرحلة الأولى النشطة من الولادة
264 0 _c2025.
300 _a87 pages :
_billustrations ;
_c25 cm. +
_eCD.
336 _atext
_2rda content
337 _aUnmediated
_2rdamedia
338 _avolume
_2rdacarrier
502 _aThesis (Ph.D)-Cairo University, 2025.
504 _aBibliography: pages 75-85.
520 3 _aBackground: WHO published new recommendations on intrapartum care for a positive childbirth experience. The recommendations included updated definitions and durations for first and second stage of labour. To help maternity care providers implement these recommendations, WHO developed a “next-generation” partograph known as the WHO Labour Care Guide (LCG), as well as an LCG user’s manual. Aim of the Work: This study aims to determine the effect of using WHO Labor Care Guide on labor outcomes, especially in reducing primary caesarean deliveries, duration of labour and use of oxytocin. Patients and Methods: This prospective randomized controlled trial was conducted on nulligravida patients recruited from those attending labor ward of AlKasr AlAiny Maternity hospital who are, singleton gestation, 37 weeks or more. Results: LCG group showed lower rate of caesarean sections, less use of oxytocin and shorter first stage of labour when compared to partograph group. Conclusion: Using LCG for intrapartum care was associated with lower rate of caesarean sections, use of oxytocin and shorter first stage of labour.
520 3 _aتلد أكثر من 140 مليون امرأة كل عام على مستوى العالم، والنسبة المئوية للولادات التي يحضرها طاقم صحي مختص في تزايد مستمر )منظمة الصحة العالمية .(2023 تساهم الولادة القيصرية في معدلات عالية من المضاعفات الصحية قصيرة وطويلة الأمد للأم. على مستوى العالم، ترتفع معدلات الولادة القيصرية وأظهرت دراسات مختلفة أن حوالي %50 إلى %75 من الولادات القيصرية الأولية كانت نتيجة لمؤشرات تتعلق بإدارة المرحلة الأولي من الولادة. قدمت منظمة الصحة العالمية توصيات بشأن رعاية المرحلة الأولى من الولادة في عام 2018 بهدف تحسين جودة الرعاية خلال المخاض والولادة. بنا ˝ء على ذلك، تم تصميم دليل رعاية الولادة الجديد من منظمة الصحة العالمية لتسهيل تنفيذ تلك التوصيات. يوفر دليل رعاية الولادة أدوات لتقديم رعاية طبية محسنة ، إدارة شاملة للولادة، تحسين التواصل بين مقدمي الرعاية الصحية والنساء و نتائج أفضل للولادة. تشمل الفروقات الرئيسية بين دليل منظمة الصحة العالمية لرعاية الولادة ومخطط منظمة الصحة العالمية المعدل على: معدل توسع عنق الرحم: يبتعد دليل منظمة الصحة العالمية لرعاية الولادة عن معدل توسع عنق الرحم الثابت البالغ 1 سم في الساعة المستخدم في مخطط منظمة الصحة العالمية المعدل. تعريف الولادة النشطة: يحدد دليل منظمة الصحة العالمية لرعاية الولادة أن المخاض النشط يبدأ عند 5 سم من توسع عنق الرحم مراحل الولادة: يتضمن دليل منظمة الصحة العالمية لرعاية الولادة قس ˝ما مخص ˝صا لتقييم المرحلة الثانية من الولادة، على عكس مخطط منظمة الصحة العالمية المعدل الذي يركز بشكل أساسي على المرحلة الأولى. الرعاية الداعمة: يتضمن دليل منظمة الصحة العالمية لرعاية الولادة قس ˝ما خا ˝صا للرعاية الداعمة، يعالج احتياجات المرأة الحامل بما يتجاوز مجرد متابعة الولادة فقط. المراقبة إلى التدخل: يحتوي دليل منظمة الصحة العالمية لرعاية الولادة على قسم لـ "المراقبة إلى التدخل"، والذي يوفر إرشادات للتعامل مع الانحرافات في تقدم الولادة، مما يقدم نه ˝جا أكثر تنظي ˝ما لاتخاذ القرارات. في دراستنا، قارنّا بين استخدام دليل منظمة الصحة العالمية لرعاية الولادة ومخطط منظمة الصحة العالمية المعدل من حيث نوع الولادة طبيعية او قيصرية، مدة الولادة ومعدل استخدام الأوكسيتوسين. وكشفت النتائج أن دليل منظمة الصحة العالمية لرعاية الولادة كان مرتب ˝طا بمعدلات أقل للولادة القيصرية، وفترات أقصر للولادة، واحتياج أقل لاستخدام الأوكسيتوسين. لذلك، نوصي بتبني دليل منظمة الصحة العالمية لرعاية الولادة الذي يمثل بديلا˝ واعد˝ا لمخطط منظمة الصحة العالمية المعدل مع فوائد كبيرة لإدارة الولادة وتقليل معدل التدخل في الولادة ومعدل الحاجة الى ولادة قيصرية
530 _aIssues also as CD.
546 _aText in English and abstract in Arabic & English.
650 0 _aCaesarean section
650 0 _aالعمليات القيصرية
653 1 _aLCG
_alabour
_aprimary cesarean section
_apartograph
_aWHO
700 0 _aMohamed AbdelAziz ElSharkawy
_ethesis advisor.
700 0 _aMohamed El Husseiny El Mahy
_ethesis advisor.
700 0 _aHend Mahmoud AbdelGhany
_ethesis advisor.
900 _b01-01-2025
_cMohamed AbdelAziz ElSharkawy
_cMohamed El Husseiny El Mahy
_cHend Mahmoud Abdel Ghany
_UCairo University
_FFaculty of Medicine
_DDepartment of Obstetrics and Gynecology
905 _aShimaa
_eEman Ghareb
942 _2ddc
_cTH
_e21
_n0
999 _c179198